Catálogo

Vista normal Vista MARC

Entrada Personal Name

Número de registros utilizados en: 2

001 - CONTROL NUMBER

  • control field: 13420

003 - CONTROL NUMBER IDENTIFIER

  • control field: DLC

005 - DATE AND TIME OF LATEST TRANSACTION

  • control field: 20221017101534.0

008 - FIXED-LENGTH DATA ELEMENTS

  • fixed length control field: 100223n| azannaabn |a aaa

010 ## - LIBRARY OF CONGRESS CONTROL NUMBER

  • LC control number: n 2010009154
  • Canceled/invalid LC control number: nr 00009525

035 ## - SYSTEM CONTROL NUMBER

  • System control number: (OCoLC)oca08404501

040 ## - CATALOGING SOURCE

  • Original cataloging agency: DLC
  • Language of cataloging: spa
  • Description conventions: rda
  • Transcribing agency: Mx-PuUPA
  • Modifying agency: DLC
  • Modifying agency: TxU
  • Modifying agency: DLC
  • Modifying agency: UPB
  • Modifying agency: Mx-PuUPA

046 ## - SPECIAL CODED DATES

  • Birth date: 1961

053 #0 - LC CLASSIFICATION NUMBER

  • Classification number element--single number or beginning number of span: PQ7298.425.R45

100 1# - HEADING--PERSONAL NAME

  • Personal name: Orejel, Alfonso,
  • Dates associated with a name: 1961-

370 ## - ASSOCIATED PLACE

  • Place of birth: Los Mochis, Mexico

374 ## - OCCUPATION

  • Occupation: Poeta
  • Occupation: Autor
  • Source of term: lcsh

375 ## - GENDER

  • Gender: hombre

377 ## - ASSOCIATED LANGUAGE

  • Language code: spa

378 ## - FULLER FORM OF PERSONAL NAME

  • Fuller form of personal name: Orejel Soria

400 1# - SEE FROM TRACING--PERSONAL NAME

  • Personal name: Orejel Soria, Alfonso

400 1# - SEE FROM TRACING--PERSONAL NAME

  • Personal name: Soria, Alfonso Orejel

670 ## - SOURCE DATA FOUND

  • Source citation: Orejel, Alfonso. La balada del hombre muerto, 2008:
  • Information found: t.p. (Alfonso Orejel)

670 ## - SOURCE DATA FOUND

  • Source citation: LC database, Feb. 23, 2010
  • Information found: (hdg.: Orejel, Alfonso)

670 ## - SOURCE DATA FOUND

  • Source citation: His Palabras en sepia, 2010:
  • Information found: t.p. (Alfonso Orejel) flap (b. 1961, Mochis, Sinaloa; poet, short story writer)

670 ## - SOURCE DATA FOUND

  • Source citation: El tercer alfiler, c1998:
  • Information found: t.p. (Alfonso Orejel Soria)

670 ## - SOURCE DATA FOUND

  • Source citation: Periódico de poesía WWW site, viewed Feb. 9, 2012:
  • Information found: (Alfonso Orejel Soria; b. 1961 in Los Mochis, Sinaloa)

670 ## - SOURCE DATA FOUND

  • Source citation: El cucaracho, c2008:
  • Information found: t.p. (Alfonso Orejel Soria) p. 4 of cover (b. 1965 in Los Mochis, Sinaloa)